00373nam a2200121Ia 4500008004100000024004700041082001900088100004700107245001300154260002500167600002100192650003800213250506s9999 xx 000 0 und d a00A-21-BCS3, 00A-57-BCS3 & 00A-08-BCS3 a005.131072 ALI aAli Kamal , Syed Abdul Moeed & Hassan Saad 0aNumerica aKarachi:bUIT,c2000 aComputer Science aBachelor of Computer Science (BS)